Ser y hacer en terapia sistémica: la construcción del estilo terapéutico
Guardat en:
| Autor principal: | |
|---|---|
| Altres autors: | |
| Format: | Llibre |
| Idioma: | espanyol |
| Publicat: |
Buenos Aires
Paidós
2006
|
| Edició: | 1a. ed |
| Col·lecció: | Terapia Familiar, 90
|
| Matèries: | |
| Etiquetes: |
Afegir etiqueta
Sense etiquetes, Sigues el primer a etiquetar aquest registre!
|
MARC
| LEADER | 00000nam a2200000 a 4500 | ||
|---|---|---|---|
| 001 | UCJ0775 | ||
| 003 | CL-VaPUC | ||
| 008 | 060908e20060000AG |||||||||||||||||spa|d | ||
| 020 | |a 9501246906 | ||
| 082 | 0 | 4 | |a 616.8914 |b CEB |2 21 |
| 100 | 0 | |a Ceberio, Marcelo R |e author |9 501118 | |
| 700 | |a Linares, Juan Luis |e autor |9 467182 | ||
| 245 | 1 | 0 | |a Ser y hacer en terapia sistémica: la construcción del estilo terapéutico |
| 250 | |a 1a. ed | ||
| 300 | |a 192 p | ||
| 942 | |c BK | ||
| 945 | |d 20060908 00:00:00 |a cmena | ||
| 260 | |a Buenos Aires |b Paidós |c 2006 | ||
| 650 | 7 | |a PSICOTERAPIA |2 CL-VaPUC |9 501120 | |
| 650 | 0 | |a Psiquiatría |9 308427 | |
| 650 | 0 | |a Terapia familiar |9 312193 | |
| 650 | 0 | |a Psicología clínica |9 307259 | |
| 583 | |a last modification |c 20140408 11:49:50 |k Rodrigo Vera | ||
| 490 | 0 | |a Terapia Familiar, 90 | |
| 999 | |c 317530 |d 317528 | ||
| 952 | |0 0 |1 0 |4 0 |6 616_891400000000000_CEB_2006 |7 0 |8 A |9 393990 |a BIBEDU |b BIBEDU |d 2019-11-22 |i 4276043 |o 616.8914 CEB 2006 |p 4276043 |r 2019-11-22 |w 2019-11-22 |y BK |k PSI | ||
| 952 | |0 0 |1 0 |4 0 |6 616_891400000000000_CEB_2006 |7 0 |8 A |9 393991 |a BIBEDU |b BIBEDU |c ES_NOD |d 2019-11-22 |i 4756096 |l 1 |o 616.8914 CEB 2006 |p 4756096 |r 2023-11-08 |s 2023-11-08 |w 2019-11-22 |y BK |k PSI | ||